000 00407nam a2200145Ia 4500
008 230917s9999||||xx |||||||||||||| ||und||
040 _e79002
_aMAIN
041 _aEnglish
082 _a346.015 B986F
100 _aBuxbaum, David C, ed
245 0 _aFamily law and customary law in Asia: a contemporary legal perspective
260 _aHague
_bMartinus Nijhoff
_c1968
300 _axii, 287 p.
942 _cBK
999 _c40160
_d40160